| 000 | 00759nam a2200229Ii 4500 | ||
|---|---|---|---|
| 003 | JO-AjNU | ||
| 008 | 230605s9999||||xx |||||||||||||| ||und|| | ||
| 017 | _a2017/2/634 | ||
| 020 | _a978-9957-616-54-0 | ||
| 040 |
_aJO-AjNU _bara _erda _cJO-AjNU |
||
| 041 | _aara | ||
| 050 | 1 | 4 | _aLB1027.5.D345 2018 |
| 100 | 3 |
_aالداهري، صالح حسن احمد, _eauthor _961002 |
|
| 245 | 0 | 0 | _aالارشاد التربوي عند ابن جماعة والقابسي |
| 250 | _aط1 | ||
| 264 | 3 | 1 | _aعمان: دار صفاء للنشر والتوزيع، 2018 |
| 300 | _a336ص | ||
| 336 |
_atext _btxt _2rdacontent |
||
| 337 |
_aunmediated _bn _2rdamedia |
||
| 338 |
_avolume _bnc _2rdacarrier |
||
| 650 | 4 |
_aالارشاد النفسي-التربية _961003 |
|
| 999 |
_aA27547 _c31115 _d31115 |
||